Микрофлора различных типов минеральных вод юго-восточной части Западной Сибири: отдельный оттиск

Xehetasun bibliografikoak
Egile nagusia: Тронова Т. М.
Hizkuntza:errusiera
Argitaratua: Москва, [б. и.], 1974
Saila:Микробиология Т. 43, вып. 1 Академия наук СССР
Gaiak:
Formatua: MixedMaterials Liburua
KOHA link:https://koha.lib.tpu.ru/cgi-bin/koha/opac-detail.pl?biblionumber=676123

MARC

LEADER 00000nam0a2200000 4500
001 676123
005 20250218123253.0
090 |a 676123 
100 |a 20241031d1974 k||u0rusy50 ca 
101 0 |a rus 
102 |a RU 
105 |a y z 001yy 
181 0 |a i   |b  e  
182 0 |a n 
183 0 |a nc  |2 RDAcarrier 
200 1 |a Микрофлора различных типов минеральных вод юго-восточной части Западной Сибири  |e отдельный оттиск  |f Т. М. Тронова 
203 |a Предмет  |b визуальный  |c непосредственный 
210 |a Москва  |c [б. и.]  |d 1974 
215 |a С. 129-132 
225 1 |a Микробиология  |v Т. 43, вып. 1  |f Академия наук СССР 
283 |a volume  |2 RDAcarrier 
317 |5 63413507: КР-8077  |a Поступил в НТБ в 2024 г. в дар от дочери ученого О. А. Назаровой  
320 |a Литература: с. 132 
606 1 |a Водная микробиология  |9 84946 
610 1 |a бактерии 
610 1 |a сероводородные воды 
610 1 |a скважины 
610 1 |a микроорганизмы 
610 1 |a Западная Сибирь 
610 1 |a Коллекция А. Д. Назарова 
610 1 |a дары библиотеке 
675 |a 579  |v 4 
700 1 |a Тронова  |b Т. М. 
801 0 |a RU  |b 63413507  |c 20241031 
942 |c BK